Vista normal
Vista MARC
- Asís Roig, Rafael de
Entrada Nombre de persona
Número de registros utilizados en: 3
001 - NÚMERO DE CONTROL
- campo de control: 149
003 - IDENTIFICADOR DEL NÚMERO DE CONTROL
- campo de control: ES-MaFIAP
005 - FECHA Y HORA DE LA ÚLTIMA TRANSACCIÓN
- campo de control: 20220915113919.0
008 - DATOS DE LONGITUD FIJA
- campo de control de longitud fija: 220915|| aca||aabn | a|a d
040 ## - FUENTE DE LA CATALOGACIÓN
- Centro catalogador/agencia de origen: ES-MaFIAP
- Centro/agencia transcriptor: ES-MaFIAP
100 ## - ENCABEZAMIENTO-NOMBRE DE PERSONA
- Nombre de persona: Asís Roig, Rafael de
670 ## - FUENTE DE DATOS ENCONTRADOS
- Cita de la fuente: Work cat.: (ES-MaFIAP)0: Asís Roig, Rafael de XX951524, El impacto de la Convención internacional sobre los derechos de las personas con discapacidad en la Ley 39/2006, de 14 de diciembre, 2010





